Statistics for AFL Top 10 Picks 2020-2023

Click here to take the quiz!

General Stats

  • This quiz has been taken 29 times
  • The average score is 20 of 40

Answer Stats

YearPickClubAnswer% Correct
20201Western BulldogsJamarra Ugle-Hagan
81%
20231West CoastHarley Reid
78%
20223North MelbourneHarry Sheezel
74%
20235HawthornNick Watson
74%
202010EssendonZach Reid
74%
20222BrisbaneWill Ashcroft
70%
20217HawthornJosh Ward
67%
20214CollingwoodNick Daicos
67%
20221GWSAaron Cadman
63%
20232North MelbourneColby McKercher
63%
20212Western BulldogsSam Darcy
63%
20238AdelaideDaniel Curtin
59%
20233Gold CoastJed Walter
59%
20236Western BulldogsRyley Sanders
59%
20224North MelbourneGeorge Wardlaw
56%
20211North MelbourneJason Horne-Francis
56%
20202AdelaideRiley Thilthorpe
56%
20225EssendonElijah Tsatas
52%
202310EssendonNate Caddy
52%
20208EssendonNik Cox
52%
20234North MelbourneZane Duursma
52%
20237MelbourneCaleb Windsor
48%
20228GeelongJhye Clark
48%
20216AdelaideJosh Rachele
48%
20209EssendonArchie Perkins
44%
20204SydneyLogan McDonald
44%
202210St KildaMattaes Phillipou
44%
20213GWSFinn Callaghan
37%
20229West CoastReuben Ginbey
37%
20226Gold CoastBailey Humphrey
33%
20239Gold CoastEthan Read
33%
20218FremantleJye Amiss
33%
20227HawthornCameron Mackenzie
30%
20203North MelbourneWill Phillips
30%
20206HawthornDenver Grainger-Barras
26%
20207Gold CoastElijah Hollands
26%
20215Gold CoastMac Andrew
26%
20205SydneyBraeden Campbell
22%
20219RichmondJosh Gibcus
19%
202110FremantleNeil Erasmus
19%

Score Distribution

Percentile by Number Answered

Percent of People with Each Score

Your Score History

You have not taken this quiz